Metallic matrix composites /

Bibliographic Details
Main Author: Kreider, Kenneth G.
Format: Book
Language:English
Published: New York : Academic Press, 1974.
Series:Composite materials (New York, N.Y.) ; v. 4.
Subjects:

MARC

Tag First Indicator Second Indicator Subfields
LEADER 00000cam a22000008a 4500
001 in00000091055
005 20151008063905.0
008 740206s1974 nyu b 00110 engm
010 |a  74001302  
020 |a 0121365042 
035 |a (OCoLC)00811043 
035 |9 AAK3123AM 
040 |a DLC  |c DLC  |d TXA  |d UtOrBLW 
049 |a TXAM  |c [800771] 
050 0 0 |a TA481  |b .K73 
051 |a PS3515.E7715  |b M9  |c Copy 2. 
082 0 |a 620.1/6 
100 1 |a Kreider, Kenneth G. 
245 1 0 |a Metallic matrix composites /  |c edited by Kenneth G. Kreider. 
264 1 |a New York :  |b Academic Press,  |c 1974. 
300 |a svii, 485 pages :  |b illustrations ;  |c 24 cm. 
336 |a text  |b txt  |2 rdacontent 
337 |a unmediated  |b n  |2 rdamedia 
338 |a volume  |b nc  |2 rdacarrier 
490 1 |a Composite materials,  |v v. 4 
504 |a Includes bibliographies and indexes. 
650 0 |a Metallic composites. 
830 0 |a Composite materials (New York, N.Y.) ;  |v v. 4. 
999 |a MARS 
999 f f |s 5c0bd0de-9e00-32b5-9810-41b74d0fd9fb  |i f6b436a0-2277-3a94-ab82-63232d8c627f  |t 0 
952 f f |p ric  |a Texas A&M University  |b Rellis Campus  |c Joint Library Facility  |d Remote Storage  |t 0  |e TA481 .K73  |h Library of Congress classification  |i unmediated -- volume  |m A14806243069 
998 f f |a TA481 .K73  |t 0  |l Remote Storage